Statistics for the hobbit characters and facts

Click here to take the quiz!

General Stats

  • This quiz has been taken 458 times
  • The average score is 23 of 30

Answer Stats

HintAnswer% Correct
2The Grey WizardGandalf
99%
4Leader of the DwarvesThorin oakenshield
97%
1The HobbitBilbo Baggins
95%
8Brother to #16Fili
92%
16Brother to #8Kili
92%
3The Brown WizardRadagast
90%
27The Great DragonSmaug
90%
6Older Brother to #10Balin
88%
18Master of RivendellElrond
87%
17Brother to #14Gloin
87%
25A creature, formily a hobbit, living deep under the Mist Mountains.Gollum
87%
20Archer of Lake Town who slew SmaugBard
86%
13Brother to #15 and Cousin to #11Bombur
86%
10Younger Brother to #6Dwalin
86%
14Brother to #17Oin
86%
11Brother to #13 and Cousin to #15Bifur
84%
15Brother to #13 and Cousin to #11Bofur
84%
12Brother to #9 and #7Ori
84%
9Brother to #7 and #12Nori
83%
26A being of evil said to be residing in Dol GuldurThe Necromancer
82%
7Brother to #9 and #12Dori
81%
19King of the Elves of Eastern MirkwoodThranduil
80%
5Cousin to #4Dain
68%
22One of the tree Trolls who captured the CompanyTom
64%
23One of the tree Trolls who captured the CompanyBert
54%
24One of the tree Trolls who captured the CompanyWilliam
53%
29Whose Kingdom lay under the Misty Mountains, they captured the companyThe Great Goblin
50%
30Sucsessor of #29, led an army of goblins in the battle of five armiesBolg
49%
21Master of CarrockBeorn
45%
28The Lord of the Eagles alternative namethorondor
38%

Score Distribution

Percentile by Number Answered

Percent of People with Each Score

Your Score History

You have not taken this quiz